00789nam a22002171 450000100060000000300080000600500170001400800410003103500190007204000350009104100080012608200220013410000180015624501420017426000360031630000630035250400310041550400190044665000490046565000570051417243BD-RjUL20211209000117.0930925s1985 ii bf b 001 0 eng d a(BD-RjUL)17301 aBD-RjULbengcBD-RjULdBD-RjUL aeng a661.409bBAS 19851 aBarui, Balai.14aThe salt industry of Bengal, 1757-1800 :ba study in the interaction of British monopoly control and indigenous enterprise /cBalai Barui aCalcutta :bK.P. Bagchi,c1985. aviii, 175 p., [2] folded leaves of plates :bmaps ;c22 cm aBibliography: p. [167]-170 aIncludes index 0aSalt industry and tradezBangladeshxHistory 0aSalt industry and tradezIndiazWest BengalxHistory